| 000 | 01102nam a22001457a 4500 | ||
|---|---|---|---|
| 999 |
_c521147 _d521147 |
||
| 008 | 221216b ||||| |||| 00| 0 eng d | ||
| 100 |
_aSnyder, Timothy _936351 |
||
| 245 | _aUkraine holds the future: The war between democracy and nihilism | ||
| 260 | _aForeign Affairs | ||
| 300 | _a101(5), Sep-Oct, 2022: p.124-141 | ||
| 520 | _aRussia, an aging tyranny, seeks to destroy Ukraine, a defiant democracy. A Ukrainian victory would confirm the principle of self-rule, allow the integration of Europe to proceed, and empower people of goodwill to return reinvigorated to other global challenges. A Russian victory, by contrast, would extend genocidal policies in Ukraine, subordinate Europeans, and render any vision of a geopolitical European Union obsolete. Should Russia continue its illegal blockade of the Black Sea, it could starve Africans and Asians, who depend on Ukrainian grain, precipitating a durable international crisis that will make it all but impossible to deal with common threats. –Reproduced | ||
| 773 | _aForeign Affairs | ||
| 906 | _aINTERNATIONAL RELTIONS | ||
| 942 | _cAR | ||